000 00709nam a22002057a 4500
005 20250926155329.0
010 _aENG-146876
020 _a9789369582075
_c299.00
035 _aEN-130408
037 _bDBAD
082 _21
_a000
100 _aSharma, Priyanka
_985243
245 _aNCET 2025-26 Teaching Aptitude & General Test/
_cPriyanka Sharma
250 _a1
260 _aUttar Pradesh
_bS. Chand Publishing
_c2025
270 _aD-92, Sector-2, Noida
_bUttar Pradesh
_e201301
_k61-120-4682700
300 _a226p.
_c27cm(pb)
500 _a(Mandatory Sections) for the 4 Year ITEP Integrated Teacher Education Programme | 1000+ MCQs | 14 Mock Test
942 _2ddc
_cEN
_mSHA
_h000
999 _c213484
_d213484